| 000 | 00639nam a2200265Ia 4500 | ||
|---|---|---|---|
| 008 | 171120s9999 xx 000 0 und d | ||
| 020 | _a9712710505 | ||
| 050 | _a791.43 | ||
| 050 | _bG958 2001 | ||
| 100 | _aGuillen, Laurice | ||
| 245 | _aTanging yaman : | ||
| 245 | _bthe film book / | ||
| 245 | _cby Laurice Guillen. | ||
| 260 | _aPhilippines : | ||
| 260 | _bAnvil, | ||
| 260 | _c2001 | ||
| 300 | _a173 pages : | ||
| 300 | _billustrations ; | ||
| 300 | _c20cm. | ||
| 650 | _aMotion pictures and literature. | ||
| 650 | _aTagalog drama -- | ||
| 650 | _aTagalog drama. | ||
| 650 | _xFilm drama. | ||
| 700 | _aTitle. | ||
| 999 |
_c345361 _d345361 |
||